000 01278nam a2200337 i 4500
003 EG-GICUC
005 20260121101241.0
008 251118s1988 ua ||||fr|||| 000 0 ara d
017 _a88/8370
020 _a977-307-171-5
040 _a EG-GICUC
_bara
_c EG-GICUC
_d EG-GICUC
_erda
041 0 _aara
082 0 4 _221
_a253.5
_bع ب . م
092 0 4 _221
099 _aLaw1 01 253.5 ع ب . م 1988
100 0 _aعبدالسميع عبدالوهاب أبو الخير
_eمؤلف.
245 1 0 _aمدي شرعية الرهن الرسمي في ضوء أحكام الفقه الأسلامي /
_cدكتور عبدالسميع عبدالوهاب أبو الخير.
250 _aالطبعة الأولي.
264 _aالقاهرة :
_bمكتبة وهبة،
_c1988.
300 _a88 صفحة، صفحات غير مرقمة ص (4 - 10- 85) ؛
_c24 سم.
336 _2rda content
_atext
337 _2rda media
_aComputer
338 _2rda carrier
_aOnline Resource
504 _aيشتمل على إرجاعات ببليوجرافية.
546 _aالنص باللغة العربية
650 1 _a الرهن
_2qrmak
651 1 _2qrmak
856 4 0 _uhttps://fll.law.cu.edu.eg/fulltext/bks/B01-03239.pdf
905 _a62
_eYara
942 _2ddc
_n0
_cBK
_e21
999 _c44301
_d44301